000 00330nam a22001337a 4500
003 MACL
005 20180227130043.0
008 180227b xxu||||| |||| 00| 0 eng d
040 _cMACL
100 _aTiwari, Ramakant
_970816
245 _aSrimadbhagvadgita as Svadharmyoga Upanisad
650 _aReligion
_970817
942 _2ddc
_cBK
999 _c57319
_d57319